Countries of the World: No JETPUNK - Statistics

General Stats
  • This quiz has been taken 34 times
  • The average score is 25 of 195
Answers on the Map
Answers color-coded by a green-red scale on the quiz's map according to % correct below.
 
Answer Stats
Country % Correct
CAADA
69%
R
69%
BRAZIL
38%
CHIA
38%
CHIL
38%
MXICO
38%
AA
31%
AL
31%
ASRALIA
31%
FILAD
31%
IRLAD
31%
OMA
31%
RSSIA
31%
YM
31%
BLARS
25%
COLOMBIA
25%
GY
25%
ICLAD
25%
IDIA
25%
LAOS
25%
LAVIA
25%
LIBYA
25%
MOGOLIA
25%
MOROCCO
25%
ORWAY
25%
SDA
25%
SOIA
25%
SWD
25%
AFGHAISA
19%
ALBAIA
19%
ALGRIA
19%
AR
19%
ARGIA
19%
ASRIA
19%
BHA
19%
CBA
19%
CHAD
19%
DMAR
19%
FII
19%
GAMBIA
19%
GYAA
19%
IGR
19%
IGRIA
19%
IRA
19%
IRAQ
19%
LBAO
19%
LXMBORG
19%
MADAGASCAR
19%
OGO
19%
RGAY
19%
RIRA
19%
RY
19%
SAI
19%
SOHSDA
19%
SOMALIA
19%
VZLA
19%
WZALAD
19%
AAMA
13%
AGOLA
13%
AISA
13%
ALA
13%
AMIBIA
13%
ARAGAY
13%
AZAHSA
13%
AZRBAIA
13%
BAGLADSH
13%
BAHRAI
13%
BI
13%
BLGARIA
13%
BLGIM
13%
BLIZ
13%
BOLIVIA
13%
BOSWAA
13%
BRI
13%
CADOR
13%
CAMBODIA
13%
COMOROS
13%
COSARICA
13%
CROAIA
13%
CYRS
13%
CZCHRBLIC
13%
DIBOI
13%
FRAC
13%
GAMALA
13%
GRC
13%
GRMAY
13%
HAII
13%
HGARY
13%
HRLADS
13%
IALY
13%
IDIGDOM
13%
IDSAS
13%
IRIBAI
13%
ISIA
13%
ISRAL
13%
LIBRIA
13%
LIHAIA
13%
MALA
13%
MALAYSIA
13%
MALDIVS
13%
MALI
13%
MOACO
13%
OGA
13%
OLAD
13%
ORGAL
13%
ORHORA
13%
QAAR
13%
RAI
13%
ROMAIA
13%
SADIARABIA
13%
SGAL
13%
SIGAOR
13%
SOHORA
13%
SRIAM
13%
SRILAA
13%
SWIZRLAD
13%
SYCHLLS
13%
SYRIA
13%
VIAM
13%
ZAMBIA
13%
ZIMBABW
13%
AAWGIA
6%
ADORRA
6%
AIGAADBARBDA
6%
ALSI
6%
AMAICA
6%
ARMIA
6%
ASIMOR
6%
BAHAMAS
6%
BARBADOS
6%
BOSIAADHRZGOVIA
6%
BRDI
6%
BRIAFASO
6%
CRALAFRICARBLIC
6%
DMOCRAICRBLICOFHCOGO
6%
DOMIICA
6%
GHAA
6%
GIA
6%
GIA-BISSA
6%
GORGIA
6%
HAILAD
6%
HILIIS
6%
HIOIA
6%
HODRAS
6%
ICARAGA
6%
IDARABMIRAS
6%
IDOSIA
6%
LICHSI
6%
LSALVADOR
6%
LSOHO
6%
MALAWI
6%
MARIAIA
6%
MARIIS
6%
MOLDOVA
6%
MOZAMBIQ
6%
MYAMAR
6%
ORDA
6%
ORHMACDOIA
6%
RBLICOFHCOGO
6%
SAMOA
6%
SIRRALO
6%
SLOVAIA
6%
SLOVIA
6%
SOHAFRICA
6%
SRBIA
6%
SWAII
6%
VAA
6%
VAL
6%
WAI
6%
YA
6%
YRGYZSA
6%
AIISA
0%
AZAIA
0%
CAMROO
0%
CAVRD
0%
DOMIICARBLIC
0%
FDRADSASOFMICROSIA
0%
GABO
0%
GADA
0%
GRADA
0%
IVORYCOAS
0%
MARSHALLISLADS
0%
MOGRO
0%
QAORIALGIA
0%
RIIDADADOBAGO
0%
RMISA
0%
RWADA
0%
SAIISADVIS
0%
SAILCIA
0%
SAIVICADHGRADIS
0%
SAMARIO
0%
SAOOMADRICI
0%
SOLOMOISLADS
0%
VAICACIY
0%
ZBISA
0%
No matching quizzes found
Score Distribution
Percent of People with Each Score
Percentile by Number Answered
Your Score History
You have not taken this quiz